000
00336 a2200133 4500
001
66467
040
_c
Anchieta - Pituba
100
_a
Rodrigo e Valdir
240
1
0
_a
1ª Avaliação de Inglês, 2º série
_l
por
245
1
0
_a
1ª Avaliação de Inglês, 2º série
362
0
_a
2018
650
4
_a
Inglês e inglês antigo
942
_c
BK
999
_c
66467
_d
66467